| 000 | 00361 a2200121 4500 | ||
|---|---|---|---|
| 001 | ART_43590 | ||
| 005 | 20260410162024.0 | ||
| 008 | 260409a | ||
| 245 | 1 | 0 | _aComing out of the shadows |
| 100 | 1 | _aKossoudji, Sherrie A. | |
| 700 | 1 | _aCobb-Clark, Deborah A. | |
| 773 | 0 |
_tJournal of labor economics _g- Vol. 20, NÂș 3 (jul. 2002) _wREV43438 |
|
| 999 |
_c33410 _d33410 |
||